| 000 | 00571nam a2200181 a 4500 | ||
|---|---|---|---|
| 001 | 000005573 | ||
| 005 | 20200929151721.0 | ||
| 008 | 090820s1984 dr a 001 spa d | ||
| 020 | _a8400058461 | ||
| 040 | _aDO-SdBNP | ||
| 082 |
_axxx _bF311m |
||
| 100 | 1 |
_aFelber, H _915753 |
|
| 245 | 1 | 0 |
_aMétodos de terminografía y principios de investigación terminológica / _cH. Felber, H Picht, Manuel Criado de Val. |
| 260 |
_aMadrid, : _bInstituto Miguel de Cervantes, _c1984. |
||
| 300 |
_a254 p. : _bil ; _c24 cm. |
||
| 500 | _aIncluye tabla de contenido | ||
| 049 | _aBNPD | ||
| 999 |
_c5372 _d5372 |
||